Giulio Africano /
| Main Author: | |
|---|---|
| Other Authors: | |
| Format: | Book |
| Language: | Italian Latin Greek, Modern (1453-) |
| Language Notes: | Latin and Greek. |
| Published: |
Bologna :
Il mulino,
1997.
|
| Series: | Testi storici, filosofici e letterari ;
7. |
| Subjects: |
MARC
| Tag | First Indicator | Second Indicator | Subfields |
|---|---|---|---|
| LEADER | 00000cam a2200000 a 4500 | ||
| 001 | in00001403346 | ||
| 005 | 20151020055500.0 | ||
| 008 | 971127s1997 it b 000 0 ita d | ||
| 020 | |a 8815061266 | ||
| 035 | |a (OCoLC)38017102 | ||
| 035 | |9 AHN4581AM | ||
| 040 | |a C3L |c C3L |d NYP |d UCW |d UtOrBLW | ||
| 041 | 0 | |a lat |a gre | |
| 045 | |a d4i- | ||
| 049 | |a TXAM | ||
| 090 | |a PA3860.A5 |b Z7 1997 | ||
| 100 | 1 | |a Leopardi, Giacomo, |d 1798-1837. | |
| 245 | 1 | 0 | |a Giulio Africano / |c Giacomo Leopardi ; introduzione, edizione critica e note a cura di Claudio Moreschini. |
| 264 | 1 | |a Bologna : |b Il mulino, |c 1997. | |
| 300 | |a xxv, 319 pages ; |c 25 cm. | ||
| 336 | |a text |b txt |2 rdacontent | ||
| 337 | |a unmediated |b n |2 rdamedia | ||
| 338 | |a volume |b nc |2 rdacarrier | ||
| 490 | 1 | |a Testi storici, filosofici e letterari ; |v 7 | |
| 504 | |a Includes bibliographical references. | ||
| 546 | |a Latin and Greek. | ||
| 600 | 1 | 0 | |a Africanus, Sextus Julius. |
| 700 | 1 | |a Moreschini, Claudio. | |
| 830 | 0 | |a Testi storici, filosofici e letterari ; |v 7. | |
| 948 | |a c:jls | ||
| 999 | |a MARS | ||
| 999 | f | f | |s 83519328-6c00-3b44-8503-c2ac4afdd7c6 |i 73f2eb22-a413-3214-904e-43b838a8f662 |t 0 |
| 952 | f | f | |p ric |a Texas A&M University |b Rellis Campus |c Joint Library Facility |d Remote Storage |t 0 |e PA3860.A5 Z7 1997 |h Library of Congress classification |i unmediated -- volume |m A14822136361 |
| 998 | f | f | |a PA3860.A5 Z7 1997 |t 0 |l Remote Storage |